| 000 | 00615nam a22001937a 4500 | ||
|---|---|---|---|
| 005 | 20180830150818.0 | ||
| 010 | _aENG-123933 | ||
| 020 |
_a9789352806249 _c550.00 |
||
| 035 | _aEN-107465 | ||
| 037 | _bDBAD/PUB | ||
| 082 | 0 | 0 | _a370.72 |
| 100 | _aLi, Wang | ||
| 245 | 1 | 0 |
_aRessearch method in education / _cby Wang Li; Peng Liping [and] Qutub Khan |
| 260 |
_aNew Delhi _bSAGE Publications, _c2018 |
||
| 270 |
_aB1/I-1 Mohan Cooperative Industrial Area, Mathura Road _bNew Delhi _e110044 |
||
| 300 |
_axxiii,570p. _c25m.(pbk) |
||
| 500 | _aIt includes index | ||
| 942 |
_2ddc _cEN _h370.72 _mLIW |
||
| 999 |
_c156695 _d156695 |
||